[Event "Bad Woerishofen op"]
[Site "Bad Woerishofen"]
[Date "1989.??.??"]
[Round "?"]
[White "Wegner, Hannu"]
[Black "Simic, Radoslav"]
[Result "1/2-1/2"]
[WhiteElo "2350"]
[BlackElo "2485"]

1.Nf3 d6 2.e4 c5 3.Bb5+ Nc6 4.O-O Bd7 5.Re1 e6 6.c3 Nf6 7.d4 cxd4 8.cxd4 d5
9.e5 Ne4 10.Bd3 Nb4 11.Bxe4 dxe4 12.Ng5 Nd3 13.Rxe4 Nxc1 14.Qxc1 Be7 15.Rg4 h5
16.Rg3 Qb6 17.Nc3 Qxd4 18.Nf3 Qb6 19.Rxg7 Bf8 20.Rxf7 Kxf7 21.Qf4+ Kg8 22.Qg5+ Bg7
23.Ne4 Be8 24.Rd1 Rh6 25.Nf6+ Kh8 26.Nxe8 Rxe8 27.Rd7 Rg8 28.Rxg7 Rxg7 29.Qxh6+ Kg8
30.Qxh5 Qxb2  1/2-1/2

[Event "Belgrade (Women)"]
[Site "Belgrade"]
[Date "1989.??.??"]
[Round "2"]
[White "Bojkovic, Natasa"]
[Black "Maric, Mirjana"]
[Result "1/2-1/2"]
[WhiteElo "2260"]
[BlackElo "2285"]

1.e4 c5 2.Nf3 d6 3.Bb5+ Bd7 4.Bxd7+ Qxd7 5.O-O Nc6 6.c3 d5 7.exd5 Qxd5 8.d4 e6
9.Be3 O-O-O 10.Qe2 Nf6 11.Na3 Ng4 12.Rfd1 Qh5 13.Bf4 Bd6 14.Bxd6 Rxd6 15.h3 Nf6
16.dxc5 Rxd1+ 17.Rxd1 Qxc5  1/2-1/2

[Event "Lasker mem"]
[Site "Berlin"]
[Date "1989.??.??"]
[Round "3"]
[White "Fries Nielsen, Jens Ove"]
[Black "Muse, Mladen"]
[Result "1/2-1/2"]
[WhiteElo "2425"]
[BlackElo "2415"]

1.e4 c5 2.Nf3 d6 3.Bb5+ Nd7 4.d4 cxd4 5.Qxd4 a6 6.Bxd7+ Bxd7 7.Nc3 Bc6 8.Bg5 e5
9.Qd3 Be7 10.h4 Qc7 11.O-O-O Rd8 12.g4 h6 13.Be3 Nf6 14.g5 Ng4 15.gxh6 gxh6
16.Rhg1 Nf6 17.Nd2 b5 18.Nd5 Bxd5 19.exd5 Rc8 20.Kb1 Qd7 21.f4  1/2-1/2

[Event "Brno zt (Women)"]
[Site "Brno"]
[Date "1989.??.??"]
[Round "4"]
[White "Wagner Michel, Annett"]
[Black "Madl, Ildiko"]
[Result "1/2-1/2"]
[WhiteElo "2190"]
[BlackElo "2310"]

1.e4 c5 2.Nf3 d6 3.Bb5+ Nc6 4.O-O Bd7 5.Re1 Nf6 6.c3 a6 7.Bxc6 Bxc6 8.d4 Bxe4
9.Bg5 d5 10.Nbd2 Bxf3 11.Qxf3 e6 12.Bxf6 gxf6 13.dxc5 Bxc5 14.c4 dxc4 15.Nxc4 Qe7
16.Ne3 O-O-O 17.Nf5 Qf8 18.Rec1 Kb8 19.b4 Bb6 20.Ne3 Bxe3 21.Qxe3 Qxb4 22.Rab1 Qd4
23.Qf3 Rd5 24.Qg3+ Ka8 25.h3 Qe5 26.Qg7 Rhd8 27.Re1 Qh5 28.Qxf6 Qg5 29.Qxf7 R5d7
30.Qxe6 Rg8 31.g3 Rd3 32.Rb3 Rxb3 33.Qxb3 Rf8 34.Qa4 Qh5 35.h4 Qf7 36.Qc2 Rd8
37.Rb1 Qe7 38.Rd1 Rf8 39.Qd2 Qf7 40.Qe2 Re8 41.Qb2 Qf3 42.Qb3 Qc6 43.Qd3 h6
44.a3 Rf8 45.Re1 Qf6 46.Qe3 Qf5 47.Kg2 Qd5+ 48.f3 h5 49.Re2 Qc6 50.Qd3 Qc5
51.Qe3 Qc6 52.Qe4 Qc3 53.Qe3 Qc6  1/2-1/2

[Event "Caorle op"]
[Site "Caorle"]
[Date "1989.??.??"]
[Round "2"]
[White "Marinkovic, Zoran"]
[Black "Schilstra, BJ."]
[Result "1-0"]
[WhiteElo "2000"]
[BlackElo "2000"]

1.e4 c5 2.Nf3 d6 3.Bb5+ Bd7 4.Bxd7+ Qxd7 5.O-O Nc6 6.c3 Nf6 7.Qe2 e6 8.d4 cxd4
9.cxd4 Be7 10.Nc3 O-O 11.Bg5 h6 12.Bh4 a6 13.Rad1 d5 14.Ne5 Qc7 15.Nxc6 bxc6
16.e5 Ne4 17.Nxe4 Bxh4 18.Nc5 Be7 19.Rc1 Qa5 20.b3 Rab8 21.Rc2 Rb4 22.Rd1 Rb5
23.Nd3 Qb6 24.Qe3 Rc8 25.Rdc1 Ba3 26.Rd1 a5 27.h4 Ra8 28.Nf4 a4 29.Rd3 axb3
30.axb3 c5 31.dxc5 Bxc5 32.Qg3 Qa5 33.Nh5 Qe1+ 34.Kh2 Bf8 35.Rc7 Ra1 36.Qf4 Rb4
37.Qxf7+  1-0

[Event "Caorle op"]
[Site "Caorle"]
[Date "1989.??.??"]
[Round "4"]
[White "Vujosevic, Vladimir"]
[Black "Velickovic, Zoran"]
[Result "1-0"]
[WhiteElo "2365"]
[BlackElo "2000"]

1.e4 c5 2.Nf3 d6 3.Bb5+ Bd7 4.Bxd7+ Nxd7 5.O-O Ngf6 6.Qe2 g6 7.c3 Bg7 8.d4 e5
9.dxe5 dxe5 10.Rd1 Qc7 11.Bg5 O-O 12.Nbd2 h6 13.Bxf6 Nxf6 14.Nc4 Nh5 15.g3 b5
16.Ne3 Qb7 17.Nd5 Rae8 18.c4 f5 19.cxb5 fxe4 20.Qxe4 Qf7 21.Kg2 g5 22.h3 Nf6
23.Nxf6+ Qxf6 24.Rac1 h5 25.Rc2 Re7 26.Rd5 g4 27.hxg4 hxg4 28.Nh2 Ref7 29.Qxg4 Qb6
30.Qc4 Qb7 31.Kg1 e4 32.Ng4 e3 33.Nxe3 Bd4 34.Nf5 Kh7 35.Nxd4 cxd4 36.Qxd4 Qe7  1-0

[Event "Caorle op"]
[Site "Caorle"]
[Date "1989.??.??"]
[Round "5"]
[White "Glavan, Slavenko"]
[Black "Zechner, C."]
[Result "0-1"]
[WhiteElo "2285"]
[BlackElo "2000"]

1.e4 c5 2.Nf3 d6 3.Bb5+ Nc6 4.O-O a6 5.Bxc6+ bxc6 6.c4 e6 7.Nc3 Ne7 8.d3 Ng6
9.b3 Be7 10.Bb2 e5 11.a3 Rb8 12.Rb1 O-O 13.Bc1 a5 14.Bd2 f5 15.h3 f4 16.Ne2 Nh4
17.Nxh4 Bxh4 18.f3 Rf6 19.Be1 Rg6 20.Kh2 Qg5 21.Rg1 Bg3+ 22.Kh1 Qh4 23.Bxg3 fxg3
24.Qf1 Rf6 25.Rb2 Be6 26.b4 cxb4 27.axb4 axb4 28.d4 c5 29.d5 Bd7 30.Rb3 Rbf8
31.Rd3 g5 32.Rb3 g4 33.Qe1 Rxf3 34.Rxf3 Rxf3 35.Rf1 gxh3 36.Ng1 Rxf1 37.Qxf1 hxg2+
38.Kxg2 Qh2+ 39.Kf3 Qf2+ 40.Qxf2 gxf2 41.Kxf2 Bg4 42.Ke3 Kf7  0-1

[Event "Cattolica op"]
[Site "Cattolica"]
[Date "1989.??.??"]
[Round "?"]
[White "Schmitt, Andre"]
[Black "Wojtkiewicz, Aleksander"]
[Result "0-1"]
[WhiteElo "2220"]
[BlackElo "2460"]

1.e4 c5 2.Nf3 d6 3.Bb5+ Bd7 4.Bxd7+ Nxd7 5.O-O Ngf6 6.Qe2 e6 7.d4 cxd4 8.Nxd4 Be7
9.c4 O-O 10.Nc3 a6 11.b3 Qc7 12.Bb2 Rfe8 13.Rad1 Rac8 14.f4 Bf8 15.Qf3 b6
16.Kh1 Nc5 17.f5 Qe7 18.fxe6 fxe6 19.Qe2 Qc7 20.Nf3 Ncd7 21.Rd2 Ng4 22.Rfd1 Rcd8
23.Ba3 Nde5 24.Nxe5 Nxe5 25.Bb2 Be7 26.a4 Bg5 27.Rd4 Rf8 28.Ba3 Be7 29.h3 Rd7
30.Qd2 Rfd8 31.Ne2 Qc6 32.Nc1 Bf6 33.Bxd6 Nf3 34.gxf3 Bxd4 35.Ne2 Rxd6  0-1

[Event "Cattolica op"]
[Site "Cattolica"]
[Date "1989.??.??"]
[Round "?"]
[White "Milovanovic, Rade"]
[Black "Ljubisavljevic, Zivojin Z"]
[Result "1-0"]
[WhiteElo "2415"]
[BlackElo "2285"]

1.e4 c5 2.Nf3 d6 3.Bb5+ Bd7 4.a4 a6 5.Bxd7+ Nxd7 6.O-O Ngf6 7.Re1 e6 8.d4 cxd4
9.Qxd4 Be7 10.Nc3 O-O 11.h3 Rc8 12.Be3 Qc7 13.Rad1 Ne5 14.Nd2 Nc6 15.Qc4 Qa5
16.Qb3 Qb4 17.Nc4 d5 18.exd5 exd5 19.Nb6 Rcd8 20.Nbxd5 Nxd5 21.Nxd5 Qxb3
22.Nxe7+ Nxe7 23.cxb3 Nc6 24.Bb6 Rde8 25.Rxe8 Rxe8 26.Kf1 f5 27.g3 Re4 28.Bc5 b6
29.Bxb6 Rb4 30.Bc5 Rxb3 31.Rd6 Nb4 32.Rb6 a5 33.Bd4 Rd3 34.Bc3 Nd5 35.Rb8+ Kf7
36.Rb7+ Ke6 37.Ke2 Rxc3 38.bxc3 Nxc3+ 39.Kd3 Nxa4 40.Rxg7 h5 41.Ra7 Nc5+
42.Kd4 Ne4 43.Ra6+ Ke7 44.Rxa5 Nxf2 45.Rxf5 Nxh3 46.Rxh5 Nf2 47.Rh4 Ke6 48.Ke3 Nd1+
49.Kd2  1-0

[Event "ITA-ch"]
[Site "Chianciano"]
[Date "1989.??.??"]
[Round "10"]
[White "Borgo, Giulio"]
[Black "Tatai, Stefano"]
[Result "1/2-1/2"]
[WhiteElo "2300"]
[BlackElo "2395"]

1.e4 c5 2.Nf3 d6 3.Bb5+ Bd7 4.Bxd7+ Nxd7 5.O-O Ngf6 6.Qe2 e6 7.b3 Be7 8.Bb2 a6
9.d4 cxd4 10.Nxd4 O-O 11.c4 Re8 12.Nc3 Bf8 13.Kh1 Qa5 14.Rae1 Rac8 15.f4 e5
16.Nf5 g6 17.fxe5 Rxe5 18.Ne3 Re6 19.Ncd5 Bg7 20.Qf2 Rf8 21.Bc3 Qd8 22.Qb2 Rfe8
23.Kg1 Rxe4 24.Nxf6+ Nxf6 25.Bxf6 Bxf6  1/2-1/2

[Event "Clermont Ferrand"]
[Site "Clermont Ferrand"]
[Date "1989.??.??"]
[Round "?"]
[White "Spassky, Boris V"]
[Black "Ribli, Zoltan"]
[Result "1/2-1/2"]
[WhiteElo "2580"]
[BlackElo "2605"]

1.e4 c5 2.Nf3 d6 3.Bb5+ Bd7 4.Bxd7+ Qxd7 5.O-O Nc6 6.c3 Nf6 7.Re1 e6 8.d4 cxd4
9.cxd4 d5 10.e5 Ne4 11.Nbd2 Nxd2 12.Bxd2 Be7 13.Rc1 O-O 14.Qb3 Rfc8 15.Rc2 Rc7
16.Rec1 Rac8 17.Qd3 Nd8 18.h4  1/2-1/2

[Event "Copenhagen Obro op"]
[Site "Copenhagen"]
[Date "1989.??.??"]
[Round "3"]
[White "Kruszynski, Wlodzimierz"]
[Black "Schandorff, Lars"]
[Result "1/2-1/2"]
[WhiteElo "2345"]
[BlackElo "2455"]

1.e4 c5 2.Nf3 d6 3.Bb5+ Nc6 4.O-O Bd7 5.Re1 a6 6.Bf1 g6 7.c3 Bg7 8.a4 Nf6
9.h3 e5 10.Na3 O-O 11.Nc4 Qc7 12.d4 cxd4 13.cxd4 Nxd4 14.Nxd4 exd4 15.Bf4 Ne8
16.Rc1 Qd8 17.a5 Be6 18.Nb6 Rb8 19.Qd2 Bf6 20.b4  1/2-1/2

[Event "Copenhagen Obro op"]
[Site "Copenhagen"]
[Date "1989.??.??"]
[Round "6"]
[White "Doery, Jeno"]
[Black "Nizynski, Maciej"]
[Result "1/2-1/2"]
[WhiteElo "2360"]
[BlackElo "2270"]

1.e4 c5 2.Nf3 d6 3.Bb5+ Bd7 4.Bxd7+ Qxd7 5.O-O Nc6 6.c3 Nf6 7.d4 cxd4 8.cxd4 d5
9.e5 Ng8 10.a3 e6 11.b4 Nge7 12.Nbd2 Nf5 13.Nb3 h5 14.b5 Nb8 15.a4 a6 16.Bg5 axb5
17.axb5 Rxa1 18.Qxa1 Be7 19.Bxe7 Nxe7 20.Nc5 Qxb5 21.Rb1 Qc4 22.Rc1 Qb5 23.Rb1 Qc4
24.Rc1  1/2-1/2

[Event "Copenhagen Obro op"]
[Site "Copenhagen"]
[Date "1989.??.??"]
[Round "9"]
[White "Georgiev, Biser"]
[Black "Poulsen, Allan"]
[Result "1-0"]
[WhiteElo "2340"]
[BlackElo "2310"]

1.e4 c5 2.Nf3 d6 3.Bb5+ Nd7 4.d4 Nf6 5.Nc3 cxd4 6.Qxd4 e5 7.Qd3 Be7 8.Bg5 O-O
9.Bxd7 Qxd7 10.O-O-O Rd8 11.Bxf6 Bxf6 12.Nd5 Qa4 13.Kb1 Be6 14.b3 Qd7 15.Nxf6+ gxf6
16.Nh4 a5 17.Qf3 Kg7 18.Rd3 a4 19.Rhd1 axb3 20.cxb3 Ra6 21.R1d2 Rc8 22.Qd1 Rcc6
23.g4 Kf8 24.f3 Qc7 25.Ng2 Ke7 26.Ne3 Rc5 27.Rc2 Rac6 28.Kb2 Rxc2+ 29.Nxc2 Qa5
30.Qd2 Qb6 31.Ne3 Qc5 32.h4 Ra6 33.h5 Qa3+ 34.Kb1 Rc6 35.h6 Kd7 36.Nf1 Qc5
37.Ne3 Kc7 38.Kb2 Kd7 39.Qd1 b5 40.Qd2 b4 41.Nc2 Rb6 42.Qe3 Qa5 43.Qe1 Ke7
44.Rd1 Rb5 45.Kb1 Qb6 46.Ne3 Qb7 47.Qd2 Qb6 48.Rc1 Qb7 49.Kb2 Qb6 50.Nc4 Qb8
51.Rc2 Rc5 52.Ne3 Qa7 53.Qxb4 Ra5 54.a4 Ra6 55.Nd5+  1-0

[Event "Copenhagen Obro op"]
[Site "Copenhagen"]
[Date "1989.??.??"]
[Round "9"]
[White "Doery, Jeno"]
[Black "Balinov, Ilija"]
[Result "1-0"]
[WhiteElo "2360"]
[BlackElo "2270"]

1.e4 c5 2.Nf3 d6 3.Bb5+ Bd7 4.Bxd7+ Qxd7 5.O-O Nc6 6.c3 Nf6 7.d4 cxd4 8.cxd4 d5
9.e5 Ne4 10.Ne1 h6 11.Be3 e6 12.Qg4 f5 13.exf6 gxf6 14.Nd3 h5 15.Qg6+ Qf7
16.Qxf7+ Kxf7 17.Rd1 Nd6 18.Nd2 Nf5 19.Nf3 Re8 20.Nf4 Na5 21.Re1 Nc4 22.Re2 Bb4
23.Rd1 Bd6 24.Bc1 Bc7 25.b3 Ncd6 26.Rc2 Bb6 27.Bb2 h4 28.h3 Rc8 29.Rdc1 Rxc2
30.Rxc2 Rc8 31.Rxc8 Nxc8 32.Kf1 Nce7 33.Ne2 Nc6 34.a3 Bc7 35.Ke1 b5 36.Kd2 Na5
37.Kc2 Bb6 38.Bc3 Nb7 39.Bd2 Nbd6 40.g4 hxg3 41.fxg3 Ne4 42.Bf4 Nf2 43.g4 Ne7
44.Neg1 Nc6 45.Be3 Ne4 46.Kd3 a5 47.Ne2 a4 48.b4 Ne7 49.g5 Nf5 50.gxf6 Kxf6
51.Bf4 Nfd6 52.Bxd6 Nxd6 53.Nc3 Kf5 54.Ne5 Bd8 55.Nc6 Bb6 56.Ne5 Kf4 57.Nd7 Bd8
58.Nc5 Kf5 59.Na6 e5 60.dxe5 Kxe5 61.Nb8 Bg5 62.Nc6+ Kf6 63.Nd4 Nc4 64.Ndxb5 Ke5
65.Nxa4 Bc1 66.Nac3 Bxa3 67.Nxa3 Nxa3 68.Ne2 Nb5 69.h4 Na3 70.Nd4 Kf4 71.Nf3 Kg4
72.Kd4 Nc2+ 73.Kc5 d4 74.h5 Kxh5 75.b5 Kg4 76.Ne5+ Kf5 77.b6 Kxe5 78.b7 d3
79.b8=Q+ Ke4 80.Qe8+ Kf3 81.Qh5+ Ke3 82.Kc4 Ne1 83.Kc3 Nf3 84.Qe8+ Kf2 85.Kxd3  1-0

[Event "NLD-ch (Women)"]
[Site "Dieren"]
[Date "1989.??.??"]
[Round "?"]
[White "Vreeken, Corry"]
[Black "Belle, Erika"]
[Result "1/2-1/2"]
[WhiteElo "2180"]
[BlackElo "2125"]

1.e4 c5 2.Nf3 d6 3.Bb5+ Bd7 4.Bxd7+ Nxd7 5.d4 cxd4 6.Qxd4 Ngf6 7.O-O Qb6
8.Nc3 Rc8 9.Qd3 a6 10.Rb1 e6 11.Be3 Qc7 12.Bf4 Be7 13.Rbd1 Ne5 14.Nxe5 dxe5
15.Bg5 h6 16.Bxf6 Bxf6 17.Ne2 O-O 18.c3 Qa5 19.Qb1 Rfd8 20.Ng3 Bg5 21.Rfe1 g6
22.Nf1 Kg7 23.g3 h5 24.h4 Be7 25.Nh2 Qb6 26.Nf3 Bc5 27.Qc2 f6 28.Qe2 Qc7
29.Kg2 Ba7  1/2-1/2

[Event "Dieren op"]
[Site "Dieren"]
[Date "1989.??.??"]
[Round "4"]
[White "Bosboom, Manuel"]
[Black "Geisler, Robert"]
[Result "1-0"]
[WhiteElo "2375"]
[BlackElo "2230"]

1.e4 c5 2.Nf3 d6 3.Bb5+ Bd7 4.Bxd7+ Qxd7 5.O-O Nc6 6.c3 d5 7.exd5 Qxd5 8.d4 cxd4
9.cxd4 Nf6 10.Nc3 Qa5 11.Bg5 e6 12.Bxf6 gxf6 13.d5 O-O-O 14.a3 exd5 15.b4 Qb6
16.Rc1 d4 17.Na4 Qb5 18.Nxd4 Qg5 19.b5 Rg8 20.g3 Bxa3 21.bxc6 Bxc1 22.Qb3 bxc6
23.Nxc6 Rde8 24.Rd1  1-0

[Event "Dieren op"]
[Site "Dieren"]
[Date "1989.??.??"]
[Round "7"]
[White "Etmans, Maarten D"]
[Black "Geisler, Robert"]
[Result "1-0"]
[WhiteElo "2275"]
[BlackElo "2230"]

1.e4 c5 2.Nf3 d6 3.Bb5+ Bd7 4.Bxd7+ Nxd7 5.O-O Ngf6 6.Qe2 e6 7.c3 Be7 8.d4 O-O
9.e5 Nd5 10.c4 Nb4 11.exd6 Bxd6 12.a3 Nc6 13.dxc5 Nxc5 14.Nc3 h6 15.Be3 Qf6
16.Nb5 Be7 17.b4 Nd7 18.Nfd4 Nde5 19.f4 Ng6 20.Nxc6 bxc6 21.Nxa7 c5 22.Nc6 cxb4
23.Bd4 Qh4 24.g3 Qh3 25.Nxe7+ Nxe7 26.Bc5 Rfe8 27.Bxe7 Rxe7 28.axb4 Rea7
29.Rxa7 Rxa7 30.Rd1 Ra3 31.b5 Qf5 32.Qd2 Rb3 33.Qd4 h5 34.Qe5 Qg4 35.Qe1 h4
36.Rd8+ Kh7 37.Qd1 Qxd1+  1-0

[Event "Dortmund-B"]
[Site "Dortmund"]
[Date "1989.??.??"]
[Round "?"]
[White "Wahls, Matthias"]
[Black "Mainka, Romuald"]
[Result "1-0"]
[WhiteElo "2515"]
[BlackElo "2410"]

1.e4 c5 2.Nf3 d6 3.Bb5+ Bd7 4.Bxd7+ Nxd7 5.O-O Ngf6 6.Qe2 e6 7.c3 Be7 8.d4 cxd4
9.cxd4 O-O 10.Nc3 Rc8 11.e5 Ne8 12.d5 exd5 13.e6 Ne5 14.Nxe5 dxe5 15.Qxe5 Bd6
16.exf7+ Rxf7 17.Qd4 Rc4 18.Qd3 Nf6 19.h3 Bc7 20.Bg5 Qd6 21.g3 Rxc3 22.bxc3 Ne4
23.Bd2 Bb6 24.Bf4 Rxf4 25.gxf4 Qxf4 26.Qxd5+ Kf8 27.Qd3 Bc7 28.Qg3 Qf7 29.Qg4 Nd6
30.Rad1 h5 31.Qg5 Kg8 32.Qd5  1-0

[Event "Dortmund-B"]
[Site "Dortmund"]
[Date "1989.??.??"]
[Round "?"]
[White "Wahls, Matthias"]
[Black "Renet, Olivier"]
[Result "0-1"]
[WhiteElo "2515"]
[BlackElo "2480"]

1.e4 c5 2.Nf3 d6 3.Bb5+ Nd7 4.O-O Nf6 5.Re1 a6 6.Bf1 b6 7.c3 Bb7 8.d3 e5
9.Nbd2 Be7 10.d4 O-O 11.dxe5 dxe5 12.a4 Qc7 13.Qc2 Bc6 14.Bd3 b5 15.axb5 axb5
16.Rxa8 Rxa8 17.c4 b4 18.Nf1 Qb7 19.Bg5 Bd6 20.Bh4 Bc7 21.Ne3 b3 22.Qd1 Ra2
23.Bb1 Ba5 24.Re2 Ra1 25.Bxf6 Nxf6 26.Nd5 Bxd5 27.exd5 e4 28.Nd2 Bxd2 29.Rxd2 g6
30.Qf1 Qb8 31.d6 Nd7 32.Rd1 Qe8 33.Qe2 Qe5 34.g3 f5 35.Kg2 Kg7 36.f3 exf3+
37.Kxf3 Kf6 38.Qe3 Qxe3+ 39.Kxe3 Ne5 40.Kd2 Nxc4+ 41.Kc3 Ne5 42.Kxb3 Ra7
43.Kc3 Ke6 44.Bc2 c4 45.b3 cxb3 46.Bxb3+ Kd7 47.Rd4 Ra3 48.Kb2 Ra7 49.Ba4+ Ke6
50.Kc3 Rb7 51.Bb3+ Kf6 52.Rb4 Rd7 53.Rb6 Nf7 54.Bxf7 Kxf7 55.Kd4 Ke6 56.Kc5 Rd8
57.Kc6 Rxd6+  0-1

[Event "Dortmund-B"]
[Site "Dortmund"]
[Date "1989.??.??"]
[Round "?"]
[White "Ristic, Nenad"]
[Black "Sznapik, Aleksander"]
[Result "1/2-1/2"]
[WhiteElo "2465"]
[BlackElo "2455"]

1.e4 c5 2.Nf3 d6 3.Bb5+ Nd7 4.d4 cxd4 5.Qxd4 a6 6.Bxd7+ Bxd7 7.Nc3 e5 8.Qd3 h6
9.O-O Nf6 10.a4 Be7 11.a5 O-O 12.Be3  1/2-1/2

[Event "Dortmund-B"]
[Site "Dortmund"]
[Date "1989.??.??"]
[Round "?"]
[White "Ristic, Nenad"]
[Black "Klinger, Josef"]
[Result "0-1"]
[WhiteElo "2465"]
[BlackElo "2475"]

1.Nf3 c5 2.e4 d6 3.Bb5+ Bd7 4.Bxd7+ Qxd7 5.O-O e6 6.c3 Nf6 7.Qe2 Nc6 8.Rd1 Be7
9.d4 cxd4 10.cxd4 d5 11.e5 Ne4 12.Ne1 f6 13.f3 Ng5 14.Bxg5 fxg5 15.Nc3 O-O
16.Rac1 Rf4 17.Qe3 Raf8 18.Ne2 R4f7 19.Nd3 Qd8 20.Nc5 Bxc5 21.Rxc5 Qb6 22.b3 h6
23.Rdc1 Qa6 24.a4 Qb6 25.h3 a6 26.Qc3 Ne7 27.b4 Nc6 28.a5 Qd8 29.Rxc6 bxc6
30.Qxc6 Qe7 31.Qb6 h5 32.Qxa6 g4 33.hxg4 hxg4 34.f4 Qxb4 35.Qxe6 Qd2 36.Kf1 g3
37.Rb1 Qd3 38.Rc1 g6 39.Ke1 Kg7 40.Qxd5 Rxf4 41.Rc7+ Kh6 42.Nxf4 Rxf4 43.Rf7 Qe3+
44.Kd1 Rxd4+ 45.Qxd4 Qxd4+  0-1

[Event "Eindhoven"]
[Site "Eindhoven"]
[Date "1989.??.??"]
[Round "?"]
[White "Visser, Yge"]
[Black "Bosboom, Manuel"]
[Result "0-1"]
[WhiteElo "2345"]
[BlackElo "2375"]

1.e4 c5 2.Nf3 d6 3.Bb5+ Bd7 4.Bxd7+ Qxd7 5.O-O Nc6 6.c3 Nf6 7.d4 Nxe4 8.d5 Ne5
9.Re1 Nxf3+ 10.Qxf3 Nf6 11.Na3 O-O-O 12.b4 cxb4 13.cxb4 Kb8 14.Bb2 e5 15.dxe6 fxe6
16.Bxf6 gxf6 17.Nc2 Ka8 18.Rad1 Bg7 19.Nd4 Rhe8 20.a4 d5 21.Qg3 Bf8 22.Qb3 Rc8
23.g3 Kb8 24.Qe3 e5 25.Nb5 d4 26.Qb3 a6 27.Na3 Qd6 28.Nc2 Qc6 29.Rc1 Qc4
30.Qb2 d3 31.Ne3 Qxb4 32.Rb1 Qxb2 33.Rxb2 Bc5 34.Rd1  0-1

[Event "Eindhoven"]
[Site "Eindhoven"]
[Date "1989.??.??"]
[Round "?"]
[White "Martens, Martin"]
[Black "Riemersma, Liafbern"]
[Result "1-0"]
[WhiteElo "2315"]
[BlackElo "2380"]

1.e4 c5 2.Nf3 d6 3.Bb5+ Nc6 4.O-O Bd7 5.c3 a6 6.Ba4 Nf6 7.Re1 e5 8.d3 g6
9.Nbd2 Bg7 10.Nf1 O-O 11.Ng3 h6 12.h3 Qc7 13.Be3 b5 14.Bc2 Na5 15.Qd2 Kh7
16.b4 cxb4 17.cxb4 Nc6 18.Rac1 a5 19.Bb1 Qb8 20.a3 axb4 21.axb4 Ra4 22.Ba2 Qa8
23.Bb3 Rxb4 24.Ra1 Qb7 25.Qd1 Be6 26.Bxe6 fxe6 27.Bd2 Ra4 28.Rxa4 bxa4 29.Qxa4 Nd7
30.Be3 Nd4 31.Bxd4 exd4 32.Qc4 Nc5 33.Nxd4 Qb2 34.Nf3 Bc3 35.Re2 Qb1+ 36.Kh2 Bg7
37.d4 Nd3 38.Qc7 Nf4  1-0

[Event "Frankfurt"]
[Site "Frankfurt"]
[Date "1989.??.??"]
[Round "2"]
[White "Doery, Jeno"]
[Black "Roeschlau, Bernd"]
[Result "1/2-1/2"]
[WhiteElo "2320"]
[BlackElo "2310"]

1.e4 c5 2.Nf3 d6 3.Bb5+ Nc6 4.O-O Bd7 5.c3 a6 6.Bxc6 Bxc6 7.Re1 Nf6 8.d4 Bxe4
9.Bg5 Bd5 10.Nbd2 e6 11.c4 Bxf3 12.Qxf3 cxd4 13.Qxb7 Qc8 14.Qb6 Qc5 15.Qb7 Qc8
16.Qb6 Qc5 17.Qb7 Qc8  1/2-1/2

[Event "Frankfurt"]
[Site "Frankfurt"]
[Date "1989.??.??"]
[Round "10"]
[White "Doery, Jeno"]
[Black "Degenhardt, Horst"]
[Result "1/2-1/2"]
[WhiteElo "2320"]
[BlackElo "2310"]

1.e4 c5 2.Nf3 d6 3.Bb5+ Bd7 4.Bxd7+ Qxd7 5.O-O Nc6 6.c3 Nf6 7.d4 cxd4 8.cxd4 e5
9.Nc3 Be7 10.Bg5 Rd8 11.Qd2 Qg4 12.h3 Qh5 13.Bxf6 Bxf6 14.Nd5 O-O 15.Rac1 Kh8
16.Rfe1 Rd7 17.b4 Bd8 18.b5 Ne7 19.dxe5 dxe5 20.Qb4 Re8 21.Rcd1 Nxd5 22.Rxd5 Rxd5
23.exd5 f6 24.Qc4  1/2-1/2

[Event "BL2-S8889"]
[Site "Germany"]
[Date "1989.??.??"]
[Round "?"]
[White "Mischustov, Michael"]
[Black "Hoensch, Matthias"]
[Result "0-1"]
[WhiteElo "2370"]
[BlackElo "2345"]

1.e4 c5 2.Nf3 d6 3.Bb5+ Bd7 4.Bxd7+ Qxd7 5.O-O Nc6 6.Re1 Nf6 7.c3 e6 8.d3 Be7
9.Nbd2 Qc7 10.Nf1 d5 11.e5 Nd7 12.Qe2 h6 13.h3 O-O-O 14.a3 g5 15.b4 Rdg8
16.Bd2 g4 17.hxg4 Rxg4 18.b5 Nd8 19.c4 d4 20.a4 Rhg8 21.g3 R4g6 22.a5 f5
23.b6 axb6 24.axb6 Nxb6 25.Reb1 Nc6 26.Rb5 Nd7 27.Ra8+ Ndb8 28.Ba5 Nxa5 29.Raxa5 Nc6
30.Ra3 h5 31.Qb2 Nb4 32.Qa1 h4 33.Ra7 hxg3 34.Nxg3 f4 35.Rxb4 cxb4 36.Ra8+ Kd7
37.Qxd4+ Kc6 38.Qe4+ Kb6 39.Rxg8 Rxg8 40.Qxf4 Rf8 41.Qe3+ Qc5 42.Qe2 b3 43.d4 Qa3
44.c5+ Kc7 45.Kg2 b2 46.Nd2 Qb4 47.Nb1 Qxd4 48.Ne4 Bxc5 49.Nbc3 Qb4 50.Qd3 Kb8
51.Nb1 Rf4 52.Qd8+ Ka7 53.f3 Rf8 54.Qc7 Bb6 55.Qg7 Rc8 56.Nd6 Rc2+ 57.Kh3 Bd8
58.Qg1+ Kb8 59.Ne4 Qf8  0-1

[Event "BL2-SW8889"]
[Site "Germany"]
[Date "1989.??.??"]
[Round "?"]
[White "Huisl, Wolfgang"]
[Black "Staller, Peter"]
[Result "1/2-1/2"]
[WhiteElo "2335"]
[BlackElo "2355"]

1.e4 c5 2.Nf3 d6 3.Bb5+ Bd7 4.Bxd7+ Qxd7 5.c4 Nc6 6.Nc3 Nf6 7.d4 cxd4 8.Nxd4 Qg4
9.O-O Qxd1 10.Rxd1 Nxd4 11.Rxd4 Rc8 12.b3 g6 13.Bb2 Bg7 14.Rd2 O-O 15.Nd5 Nxd5
16.Bxg7 Kxg7 17.Rxd5 Rc7 18.Rad1 Rfc8 19.Kf1 Rc5 20.Ke2 Kf6 21.Ke3 Ke6 22.g4 a6
23.a4 a5 24.g5 b6 25.h4  1/2-1/2

[Event "BL2-S8889"]
[Site "Germany"]
[Date "1989.??.??"]
[Round "?"]
[White "Speckner, Roland"]
[Black "Trettin, Ulrich"]
[Result "1/2-1/2"]
[WhiteElo "2235"]
[BlackElo "2270"]

1.e4 c5 2.Nf3 d6 3.Bb5+ Bd7 4.Bxd7+ Qxd7 5.O-O Nc6 6.Qe2 Nf6 7.c3 e6 8.Rd1 Be7
9.d4 cxd4 10.cxd4 d5 11.e5 Ne4 12.Ne1 f6 13.f3 Ng5 14.Nc3 O-O 15.f4 Nf7 16.Nf3 Rac8
17.Be3 fxe5 18.fxe5 Bb4 19.Rdc1 Na5 20.Nd1 Rxc1 21.Rxc1 Rc8 22.Rxc8+ Qxc8
23.b3 Be7 24.Qd3 Nc6 25.Qc2 Qd7 26.a4 Qc7 27.Nf2 Qd8 28.Nh3 Qd7  1/2-1/2

[Event "BL2-W8889"]
[Site "Germany"]
[Date "1989.??.??"]
[Round "?"]
[White "Kraut, Rainer"]
[Black "Wiemer, Ralf"]
[Result "1/2-1/2"]
[WhiteElo "2395"]
[BlackElo "2300"]

1.e4 c5 2.Nf3 d6 3.Bb5+ Bd7 4.Bxd7+ Qxd7 5.O-O Nc6 6.c3 Nf6 7.d4 cxd4 8.cxd4 d5
9.e5 Ne4 10.Ne1 h6 11.f3  1/2-1/2

[Event "Groningen"]
[Site "Groningen"]
[Date "1989.??.??"]
[Round "?"]
[White "Martinovic, Slobodan"]
[Black "Hellers, Ferdinand"]
[Result "1/2-1/2"]
[WhiteElo "2460"]
[BlackElo "2560"]

1.e4 c5 2.Nf3 d6 3.Bb5+ Bd7 4.Bxd7+ Qxd7 5.O-O Nc6 6.c3 Nf6 7.Qe2 e6 8.d4 cxd4
9.cxd4 d5 10.e5 Ne4 11.Rd1 Be7 12.Ne1 f6 13.f3 Ng5 14.Bxg5 fxg5 15.Nc3 O-O
16.Nc2 Rac8 17.Qd3 a6 18.Ne2 Bd8 19.g3 Bb6 20.Kg2 Qf7 21.Rf1 Qf5 22.Qxf5 Rxf5
23.Rac1 Rf7 24.Nb4 Rfc7 25.Nxc6 Rxc6 26.Rc3 Rxc3 27.bxc3 Ba5 28.Rb1 b5 29.Rb3 Rc6
30.Kf2 Kf7 31.Ke3 Ke8 32.Kd3 Kd7 33.h3 Bd8 34.f4 g6 35.fxg5 Bxg5 36.h4 Be7
37.Rb1 Bd8 38.Rf1 Ke8 39.h5 g5 40.Rb1 Rc4 41.g4 Ra4 42.Rb2 Be7 43.Rc2 Ra3
44.Nc1 b4 45.Nb3 a5 46.Nd2 bxc3 47.Nb1 Ra4 48.Nxc3 Rb4 49.Rc1 Rc4 50.Rf1 Rb4
51.Rb1 Kd7 52.Rf1 Ke8 53.Rb1 h6 54.Rxb4 axb4 55.Ne2 Kd7 56.Kc2 Kc6 57.Kb3 Kb5
58.Nc1 Bd8 59.Nd3 Be7 60.Nb2 Bd8 61.Kc2 Bb6  1/2-1/2

[Event "Groningen op"]
[Site "Groningen"]
[Date "1989.??.??"]
[Round "1"]
[White "Maier, Christian"]
[Black "Mestel, A Jonathan"]
[Result "1-0"]
[WhiteElo "2325"]
[BlackElo "2520"]

1.e4 c5 2.Nf3 d6 3.Bb5+ Nd7 4.O-O Nf6 5.Re1 e6 6.Bf1 Be7 7.d3 O-O 8.Nbd2 b6
9.a3 Qc7 10.b4 d5 11.exd5 Nxd5 12.c4 Bf6 13.cxd5 Bxa1 14.dxe6 fxe6 15.Ng5 Ne5
16.bxc5 Bd4 17.Nge4 Bb7 18.Nb3 bxc5 19.Nxd4 cxd4 20.Ng5 Rf6 21.f4 Ng6 22.g3 h6
23.Ne4 Bxe4 24.dxe4 e5 25.f5 Nf8 26.Bd2 Rc8 27.Bd3 Nd7 28.g4 Rc6 29.h4 Kh8
30.g5 Nc5 31.Bb5 Rd6 32.Qh5 Nb3 33.Bb4 Rb6 34.f6 Rxb5 35.Be7 Rb6 36.Qf7 Rg8
37.Rf1 g6 38.Qxg8+ Kxg8 39.f7+ Kh7 40.f8=Q  1-0

[Event "EU-chT"]
[Site "Haifa"]
[Date "1989.??.??"]
[Round "7"]
[White "Raaste, Eero J"]
[Black "Groszpeter, Attila"]
[Result "0-1"]
[WhiteElo "2375"]
[BlackElo "2515"]

1.e4 c5 2.Nf3 d6 3.Bb5+ Bd7 4.Bxd7+ Nxd7 5.O-O Ngf6 6.Qe2 e6 7.b3 Be7 8.Bb2 O-O
9.c4 Re8 10.Nc3 Ne5 11.Rfd1 Qb6 12.Na4 Nxf3+ 13.Qxf3 Qc6 14.Nc3 a6 15.d4 cxd4
16.Rxd4 b5 17.cxb5 axb5 18.Rc1 Rec8 19.Qe2 Qa6 20.Nxb5 Rxc1+ 21.Bxc1 Qxa2
22.Qxa2 Rxa2 23.Rc4 h6 24.Rc8+ Kh7 25.f3 d5 26.exd5 Nxd5 27.Nd4 Bf6 28.Nc2 Bc3  0-1

[Event "EU-chT"]
[Site "Haifa"]
[Date "1989.??.??"]
[Round "8"]
[White "Dueckstein, Andreas"]
[Black "Tolnai, Tibor"]
[Result "1/2-1/2"]
[WhiteElo "2355"]
[BlackElo "2470"]

1.e4 c5 2.Nf3 d6 3.Bb5+ Bd7 4.Bxd7+ Nxd7 5.O-O Ngf6 6.Re1 e6 7.c3 Be7 8.d4 cxd4
9.cxd4 d5 10.e5 Ne4 11.Nc3 Nxc3 12.bxc3 Qa5 13.Re3 Nb6 14.Ne1 Rc8 15.Rg3 g6
16.Bh6 Na4 17.Rc1 b5 18.Qb3 a6 19.h3 Rc6 20.Kh2 Qc7 21.Kg1 Bf8 22.Bd2 Be7
23.Bf4 Rc4 24.Rc2 Qc6 25.Kh2 Bd8 26.Nd3 a5 27.Nb2 Nxb2 28.Rxb2 b4 29.cxb4 axb4
30.Bd2 f5 31.a3 Bb6 32.Rd3 bxa3 33.Qxa3 Kf7 34.Bg5 Re8 35.Rd1 Bd8 36.Bxd8 Rxd8
37.Qa7+ Qd7 38.Ra1 Rc7 39.Qa5 Rdc8 40.Qa2 Kg7  1/2-1/2